000
00293nam a22001217a 4500
999
_c
13179
_d
13179
020
_a
9781683732556
082
_a
616.891
100
_a
Leslie Sokol & Marci G.Fox
245
_a
Cognitive Behavioral Therapy
260
_a
USA
_b
Pesi Publishing & Media
_c
2019
300
_a
242 pages
942
_c
BK